000 00760nam a22001935i 4500
001 159475
003 ES-MaACL
005 20250809025048.0
008 040913s1895 fr |||| | fre d
040 _aCAM
_bspa
_cCAM
100 1 _aMerignhac, Alexandre.
_9214146
245 1 0 _aTraité théorique et pratique de l'arbitrage international
_b: le rôle du droit dans le fonctionnement actuel de l'institution et dans ses destinées futures /
_cpar A. Mérignhac.
260 _aParis :
_bL. Larose, éditeur,
_c1895 (
_fImprimerie Contant-Laguerre)
300 _a528 p. ;
_c23 cm.
650 0 7 _aDerecho internacional público
_2embne
_911723
650 0 4 _aArbitraje internacional.
_99934
852 _aES-MaACL
_jF-1126
_z-- Rúst.
999 _c159475
_d159475